LIBRARY & INFORMATION CENTRE, KCAET, TAVANUR

ONLINE PUBLIC ACCESS CATALOGUE (OPAC)

Text Book of Disaster Management (Record no. 14595)

MARC details
000 -LEADER
fixed length control field 00265nam a22001097a 4500
020 ## - INTERNATIONAL STANDARD BOOK NUMBER
ISBN 9789381226704
082 ## - DEWEY DECIMAL CLASSIFICATION NUMBER
Classification number 658.477
Item number KUM/TE
245 ## - TITLE STATEMENT
Title Text Book of Disaster Management
260 ## - PUBLICATION, DISTRIBUTION, ETC. (IMPRINT)
Place of publication Delhi
Name of publisher Satish Serial Publishing House
Year of publication 2013
300 ## - PHYSICAL DESCRIPTION
Number of Pages 211
942 ## - ADDED ENTRY ELEMENTS (KOHA)
Koha item type Books
Holdings
Withdrawn status Lost status Damaged status Collection code Home library Current library Shelving location Date acquired Source of acquisition Cost, normal purchase price Full call number Accession Number Koha item type
        KAUAET KAUAET General Stacks 19/07/2016 Arunima Book Distributors,TVPM 950.00 658.477. KUM/TE 24579 Books
free website counter